000 00733nam a22002417a 4500
005 20170124110029.0
010 _a977183
020 _c00.00
035 _a977183
037 _bCen Lib/Ret
040 _aDPL
_bEN
082 _a450
_bKAU
100 _aKaul, T.N.
_91644
245 _aIndaia China and Indochina :
_cby T.N. Kaul
_breflections of a liberated diplomat /
260 _aNew Delhi
_bAllied publishers
_c2003
270 _a13/14,Asaf Ali Road
_bNew Delhi
_e110002
300 _a163p. :
_c20cm(Hb)
_bill.
500 _aIncludes bibliographical reference and index
650 _aPolitical science
_921403
650 _aDiplomatic relations
_921404
700 _920986
942 _2ddc
_cEN
_h450
_mKAU
999 _c127744
_d127744